书目信息 |
| 题名: |
宋代(花鸟卷)
|
|
| 作者: | 袁杰 主编 ;故宫博物院 编 | |
| 分册: | 4 宋辽金 | |
| 出版信息: | 北京 紫禁城出版社 2009.05 |
|
| 页数: | 160页 | |
| 开本: | 30cm | |
| 丛书名: | 中国古代名家画集 | |
| 单 册: | ||
| 中图分类: | K870.2 , J222.44 , J222.44 | |
| 科图分类: | ||
| 主题词: | 中国画--中国--辽宋金元时代--画册 , 中国画 , 历史文物 , 绘画--中国 | |
| 电子资源: | ||
| ISBN: | 978-7-80047-720-1 | |
| 000 | 01271nam0 2200385 450 | |
| 001 | 004048668 | |
| 005 | 20090211101823.0 | |
| 010 | @a978-7-80047-720-1@b@dCNY98.00 | |
| 090 | @aK87@byj | |
| 096 | @aK87@bggb | |
| 100 | @a20090122d2009 em y0chiy50 ea | |
| 101 | 0 | @achi@aeng |
| 102 | @aCN@b110000 | |
| 105 | @af z 001yy | |
| 106 | @ad | |
| 200 | 1 | @a宋代(花鸟卷)@Asong dai(hua niao juan)@i宋辽金@b专著@dCompendium of collections in the Palace Museum@iPainting@h4@iSong, Liao, and Jin Dynasties@f袁杰主编@g故宫博物院编@zeng@9gu gong bo wu yuan zang pin da xi |
| 210 | @a北京@c紫禁城出版社@d2009.05 | |
| 215 | @a160页@d30cm | |
| 225 | 2 | @a中国古代名家画集 |
| 410 | 0 | @12001 @a中国古代名家画集 |
| 510 | 1 | @aCompendium of collections in the Palace Museum@iPainting@h4@iSong, Liao, and Jin Dynasties@zeng |
| 601 | 02 | @a故宫博物院@x历史文物@y北京市@j图集 |
| 601 | 02 | @a故宫博物院 |
| 606 | 0 | @a中国画@y中国@z辽宋金元时代@j画册 |
| 606 | 0 | @a中国画 |
| 606 | 0 | @a历史文物 |
| 606 | 0 | @a绘画@x中国 |
| 690 | @aK870.2@v5 | |
| 690 | @aJ222.44@v4 | |
| 690 | @aJ222.44@v5 | |
| 701 | 0 | @a袁杰@c(女)@4主编@9yuan jie |
| 712 | 02 | @a故宫博物院@4编@9gu gong bo wu yuan |
| 905 | @aBZT@dJ222.44@e1 | |
| 906 | @dCNY480.00@n0@r1 | |
| SYS | @004048668 | |
| 宋代(花鸟卷).宋辽金=Compendium of collections in the Palace Museum.Painting.4.Song, Liao, and Jin Dynasties/袁杰主编/故宫博物院编.-北京:紫禁城出版社,2009.05 |
| 160页;30cm.-(中国古代名家画集) |
| ISBN 978-7-80047-720-1:CNY98.00 |
| ● |
| 相关链接 |
|
|
|
正题名:宋代(花鸟卷)
索取号:J222.44/1
 
预约/预借
| 序号 | 登录号 | 条形码 | 馆藏地/架位号 | 状态 | 备注 |
| 1 | 751198 | 2000751198 | 样本书库/样007架B面1层1列/ [索取号:J222.44/1] | 在馆 | |
| 2 | 751199 | 2000751199 | 中心书库中库/ 中库017架A面6列3层11/ [索取号:J222.44/1] | 在馆 | |
| 3 | 751201 | 2000751201 | 中心书库中库/ 中库017架A面3列4层22/ [索取号:J222.44/1] | 在馆 | |
| 4 | 751202 | 2000751202 | 中心书库中库/ 中库017架A面3列4层23/ [索取号:J222.44/1] | 在馆 | |
| 5 | 751203 | 2000751203 | 中心书库中库/ 中库017架A面3列4层24/ [索取号:J222.44/1] | 在馆 |